000
00267nam a22000977a 4500
005
20250901165549.0
008
211013b |||||||| |||| 00| 0 eng d
050
_a
HF1141 .D73 2004
245
_a
Business
_c
DRANSFIELD, ROB
942
_2
lcc
_h
HF1141 .D73 2004
999
_c
5928
_d
5928